Purple-Colored Marvel Heroes by Picture - Statistics

General Stats
  • This quiz has been taken 28 times
  • The average score is 11 of 17
Answer Stats
Picture Answer % Correct
Hawkeye
95%
Hawkeye
95%
Psylocke
86%
Gambit
82%
M
73%
Wonder Man
73%
Galacta
68%
Medusa
68%
Rescue
68%
Kingo
64%
Hiro
59%
Clea
50%
Jessica Jones
50%
Swordsman
50%
Justice
41%
Lockheed
41%
Machine Man
32%
No matching quizzes found
Score Distribution
Percent of People with Each Score
Percentile by Number Answered
Your Score History
You have not taken this quiz